Kredyt, leasing czy dzierzawa?

Saved in:
Bibliographic Details
Main Author: Sasin, Wieslaw
Format: Book
Language:Polish
Published: Skierniewice FRAMAX 1999
Edition:3. wyd. zaktualiz.
Subjects:
Tags: Add Tag
No Tags, Be the first to tag this record!

MARC

LEADER 00000nam a2200000 4500
001 c123543
005 20221221082829.9
020 |a 83-903383-1-9 
041 0 |a pol 
044 |a PL 
245 1 0 |a Kredyt, leasing czy dzierzawa?  |c Wieslaw Sasin 
250 |a 3. wyd. zaktualiz. 
264 1 |a Skierniewice  |b FRAMAX  |c 1999 
300 |a 106 s. 
610 2 0 |a lízing 
610 2 0 |a prenájom 
610 2 0 |a úver bankový 
610 2 0 |a rozhodovanie 
610 2 0 |a investície 
610 2 0 |a financovanie 
610 2 0 |a prognózy hospodárske 
610 2 0 |a politika finančná 
610 2 0 |a legislatíva 
610 2 0 |a zákony 
610 2 0 |a predpisy právne 
610 2 0 |a Poľsko 
100 1 |a Sasin, Wieslaw